| 000 | 00752cam a2200265 4500 | ||
|---|---|---|---|
| 008 | 090401t1997 xxu||||| |||| 00| 0 eng d | ||
| 020 | _a0750634537 | ||
| 035 | _a(Sirsi) u77634 | ||
| 041 | _aeng | ||
| 050 | _a711.52 | ||
| 110 |
_aRoyal Fine Art Commission _93475 |
||
| 245 | _aImproving design in the high street. | ||
| 260 |
_aOxford _bArchitectural Press _c1997 |
||
| 300 | _a81p. : ill. ; 22cm. | ||
| 350 | _a9.95 | ||
| 520 | _aSponsored by the DoE, Land Securities and Marks & Spencer. | ||
| 650 | _aHIGH STREETS | ||
| 650 | _aPLANNING POLICY GUIDANCE NOTE 6 | ||
| 650 | _aPLANNING POLICY GUIDANCE NOTE SIX | ||
| 650 | _aTOWN CENTRES | ||
| 650 | _aURBAN DESIGN | ||
| 690 | _aURBAN RENEWAL | ||
| 942 | _n0 | ||
| 948 | _c08/04/1997 | ||
| 999 |
_c96333 _d96333 |
||